| 000 | 00710nam a22002057a 4500 | ||
|---|---|---|---|
| 999 |
_c19024 _d19024 |
||
| 003 | AR-CdUCM | ||
| 008 | 190516b ||||| |||| 00| 0 spa d | ||
| 040 |
_aMUNICIPALIDAD PROVINCIAL DEL CUSCO _cBIBLIOTECA MUNICIPAL DEL CUSCO |
||
| 082 |
_a985.541 / _bAN62 |
||
| 110 |
_aMinisterio de edcucaión publica _940067 |
||
| 245 | _aAntecedentes historicos y legales de la Universidad nacional de San Cristobal de Huamanga / | ||
| 260 | _bMinisterio de educación publica, | ||
| 300 |
_a144 paginas ; _c22 cm. |
||
| 500 | _aCreacion edificacion historia entre otros | ||
| 650 |
_aUniversidad _91570 |
||
| 650 |
_aHistoria _9136 |
||
| 650 |
_aLiteratura _983 |
||
| 942 |
_2ddc _cLIBROS |
||
| 945 |
_apjha _d2019-05-16 |
||